000 00507nam a2200181Ia 4500
005 20250508150658.0
008 008 250505s9999 xx 000 0 eng d
037 _aTextual
040 _aFEDL
_beng
_cFEDL
041 _aeng
_2eng
084 _a903, LAN
_qFEDL
100 _aLanger William L Ed.
245 0 _aEncyclopedia of world history
260 _aLondon, UK
_bGeorge G Harrap and Company Limited
_c1948
300 _a1270p.
942 _cTEXL
_h903, LAN
999 _c1324995
_d1324995